[Event "Oberliga Sued W 1112"]
[Site "Germany"]
[Date "2012.02.26"]
[Round "7"]
[White "Nesterov, Evgenij"]
[Black "Frischmann, Rick"]
[Result "0-1"]
[WhiteElo "2240"]
[BlackElo "1968"]
[PlyCount "62"]
[EventDate "2011.09.25"]
[EventType "team-tourn"]
[EventRounds "9"]
[EventCountry "GER"]
[SourceTitle "EXT 2013"]
[Source "ChessBase"]
[SourceDate "2012.11.22"]
[SourceVersion "1"]
[SourceVersionDate "2012.11.22"]
[SourceQuality "1"]
[WhiteTeam "Heidesheim"]
[BlackTeam "Schwarzenbach"]
[WhiteTeamCountry "GER"]
[BlackTeamCountry "GER"]

1. c4 e5 2. Nc3 Nf6 3. g3 d5 4. cxd5 Nxd5 5. Bg2 Nb6 6. Nf3 Nc6 7. a3 Be7 8. b4 Be6 9. 0-0 0-0 10. d3 a5 11. b5 Nd4 12. Nd2 Rb8 13. e3 Nf5 14. Nf3 f6 15. Bb2 Qd7 16. Qc2 Rfd8 17. Rfd1 a4 18. Nxa4 Qxb5 19. Nc3 Qb3 20. Qb1 Na4 21. Nxa4 Qxa4 22. d4 exd4 23. e4 Nd6 24. Nxd4 Bf7 25. Bh3 Nc4 26. Nf5 Bf8 27. Rxd8 Rxd8 28. Bc3 b5 29. Bb4 c5 30. Be1 Nxa3 31. Qb2 Rd1 0-1

[Event "Oberliga Sued W 1011"]
[Site "Germany"]
[Date "2011.02.06"]
[Round "6.2"]
[White "Adocchio, Giampiero"]
[Black "Nesterov, Evgenij"]
[Result "1-0"]
[WhiteElo "2196"]
[BlackElo "2182"]
[PlyCount "111"]
[EventDate "2010.10.10"]
[EventType "team-tourn"]
[EventRounds "9"]
[EventCountry "GER"]
[SourceTitle "EXT 2012"]
[Source "ChessBase"]
[SourceDate "2011.11.24"]
[SourceVersion "1"]
[SourceVersionDate "2011.11.24"]
[SourceQuality "1"]
[WhiteTeam "Frankenthal"]
[BlackTeam "Heidesheim"]
[WhiteTeamCountry "GER"]
[BlackTeamCountry "GER"]

1. e4 c5 2. Nf3 e6 3. d4 cxd4 4. Nxd4 Nf6 5. Bd3 d6 6. 0-0 a6 7. c4 g6 8. b3 Bg7 9. Bb2 0-0 10. Nc3 Nbd7 11. Re1 Qc7 12. Rc1 b6 13. Bf1 Bb7 14. f3 Rad8 15. Qd2 Qb8 16. Kh1 Nc5 17. b4 Rfe8 18. Nc2 Ncd7 19. Rcd1 Ne5 20. f4 Bh6 21. Qf2 Neg4 22. Qg3 e5 23. Bc1 exf4 24. Bxf4 Nh5 25. Qxg4 Bxf4 26. Nd5 Bc8 27. Qf3 Be5 28. b5 axb5 29. cxb5 Be6 30. Ncb4 Bxd5 31. Nxd5 Rc8 32. Re3 Rc5 33. Ra3 Qd8 34. g3 Nf6 35. Ra7 Qb8 36. Nxf6+ Bxf6 37. Rd7 Rd8 38. Bh3 Rxd7 39. Bxd7 Bg5 40. Bc6 Rc1 41. Rxc1 Bxc1 42. a4 Bd2 43. Qf6 Qf8 44. Bd5 Bb4 45. e5 dxe5 46. Qxb6 Qd6 47. Qxd6 Bxd6 48. Kg2 Bc7 49. Kf3 Kg7 50. Ke3 f5 51. Kd3 Kf6 52. Kc4 Bb6 53. Kb4 Ke7 54. a5 Bf2 55. b6 Kd6 56. Kb5 1-0

[Event "Oberliga Sued W 0910"]
[Site "Germany"]
[Date "2009.12.13"]
[Round "4.1"]
[White "Machelett, Heiko"]
[Black "Nesterov, Evgenij"]
[Result "1-0"]
[WhiteElo "2426"]
[BlackElo "2291"]
[PlyCount "97"]
[EventDate "2009.10.18"]
[EventType "team-tourn"]
[EventRounds "9"]
[EventCountry "GER"]
[SourceTitle "EXT 2011"]
[Source "ChessBase"]
[SourceDate "2010.11.26"]
[SourceVersion "1"]
[SourceVersionDate "2010.11.26"]
[SourceQuality "1"]
[WhiteTeam "Mutterstadt"]
[BlackTeam "Heidesheim"]
[WhiteTeamCountry "GER"]
[BlackTeamCountry "GER"]

1. d4 d5 2. c4 c6 3. Nc3 dxc4 4. e3 e5 5. Bxc4 exd4 6. exd4 Nf6 7. Nf3 Be7 8. 0-0 0-0 9. h3 Nbd7 10. Re1 Nb6 11. Bb3 Bf5 12. Ne5 Nbd5 13. Qf3 Be6 14. Bg5 Nxc3 15. bxc3 Bd5 16. Qd3 Bxb3 17. axb3 Nd5 18. Bxe7 Nxe7 19. Qf3 Ng6 20. Nc4 Re8 21. Rxe8+ Qxe8 22. Qg3 a6 23. h4 Qb8 24. Qh3 Qc8 25. Qe3 Qg4 26. g3 Rd8 27. Re1 Nf8 28. Qe7 Rd7 29. Qb4 f6 30. Re8 Rf7 31. Re1 Qd7 32. Qc5 Ne6 33. Qa7 Re7 34. Qb8+ Re8 35. Qd6 Qf7 36. d5 Nf8 37. Rxe8 Qxe8 38. dxc6 Qe1+ 39. Kg2 Qe4+ 40. Kh2 bxc6 41. Ne3 a5 42. Qc5 a4 43. bxa4 Qxa4 44. Nf5 Qe4 45. Ne7+ Kf7 46. Nxc6 Ng6 47. h5 Nh4 48. Qa7+ Kf8 49. Qa8+ 1-0

[Event "Oberliga Sued W 0910"]
[Site "Germany"]
[Date "2009.11.15"]
[Round "2.1"]
[White "Johann, Stefan"]
[Black "Nesterov, Evgenij"]
[Result "1/2-1/2"]
[WhiteElo "2210"]
[BlackElo "2291"]
[PlyCount "113"]
[EventDate "2009.10.18"]
[EventType "team-tourn"]
[EventRounds "9"]
[EventCountry "GER"]
[SourceTitle "EXT 2011"]
[Source "ChessBase"]
[SourceDate "2010.11.26"]
[SourceVersion "1"]
[SourceVersionDate "2010.11.26"]
[SourceQuality "1"]
[WhiteTeam "Ludwigshafen"]
[BlackTeam "Heidesheim"]
[WhiteTeamCountry "GER"]
[BlackTeamCountry "GER"]

1. d4 Nf6 2. Nf3 d5 3. c4 e6 4. Nc3 Be7 5. e3 0-0 6. Bd3 b6 7. 0-0 Bb7 8. Qc2 c5 9. Rd1 cxd4 10. Nxd4 dxc4 11. Bxc4 Qc8 12. Bb3 Nc6 13. Nxc6 Qxc6 14. f3 Rfd8 15. Bd2 b5 16. e4 Qb6+ 17. Kh1 Rac8 18. a3 a5 19. Qb1 Qf2 20. Bf4 Rxd1+ 21. Qxd1 Qxb2 22. Ra2 Qxc3 23. Rc2 Qxc2 24. Bxc2 Rd8 25. Qb1 b4 26. Bc7 Rc8 27. Bxa5 bxa3 28. Bb3 Nxe4 29. fxe4 Bg5 30. Bc2 a2 31. Qxa2 Bxe4 32. Bd1 Rc1 33. Qb3 Rb1 34. Qa4 Bc6 35. Qc2 Rc1 36. Qb3 h5 37. h4 Bf4 38. Kg1 Bd5 39. Qa4 Be5 40. Bd2 Bc6 41. Qb3 Bd5 42. Bxc1 Bxb3 43. Bxb3 Bg3 44. Bg5 Kf8 45. Kf1 f6 46. Be3 Bxh4 47. Bxe6 g6 48. Ke2 Kg7 49. Bd4 Kh6 50. Kf3 f5 51. Bc5 Be1 52. Be3+ Kg7 53. Bd4+ Kh6 54. Bf6 Bd2 55. Bf7 Bc1 56. Bd4 Ba3 57. Kf4 1/2-1/2

[Event "Oberliga Sued W 0809"]
[Site "Germany"]
[Date "2009.03.01"]
[Round "7.1"]
[White "Bastian, Herbert"]
[Black "Nesterov, Evgenij"]
[Result "1/2-1/2"]
[WhiteElo "2365"]
[BlackElo "2140"]
[PlyCount "81"]
[EventDate "2008.10.05"]
[EventType "team-tourn"]
[EventRounds "11"]
[EventCountry "GER"]
[SourceTitle "EXT 2012"]
[Source "ChessBase"]
[SourceDate "2011.11.24"]
[SourceVersion "1"]
[SourceVersionDate "2011.11.24"]
[SourceQuality "1"]
[WhiteTeam "Saarbruecken SVG"]
[BlackTeam "Heidesheim"]
[WhiteTeamCountry "GER"]
[BlackTeamCountry "GER"]

1. e4 c5 2. Nc3 Nc6 3. g3 g6 4. Bg2 Bg7 5. d3 d6 6. Be3 Rb8 7. f4 b5 8. Qd2 b4 9. Nd1 Qb6 10. Nf3 Nd4 11. 0-0 Nf6 12. h3 Nxf3+ 13. Rxf3 Nd7 14. Rf2 f5 15. c3 bxc3 16. bxc3 0-0 17. Rc1 Qa6 18. c4 Bb7 19. Nc3 Bc6 20. d4 cxd4 21. Bxd4 Rb2 22. Qd3 Bxd4 23. Qxd4 Rxf2 24. Kxf2 fxe4 25. Bxe4 Bxe4 26. Qxe4 e5 27. Rd1 Nf6 28. Qe2 Qc8 29. Kg2 exf4 30. gxf4 Nh5 31. Nd5 Nxf4+ 32. Nxf4 Rxf4 33. Rxd6 Rxc4 34. Rd8+ Qxd8 35. Qxc4+ Kg7 36. a4 Qg5+ 37. Kf3 Qf5+ 38. Kg3 Qe5+ 39. Kf3 g5 40. Kg4 Qe7 41. Kh5 1/2-1/2

[Event "Oberliga Sued W 0809"]
[Site "Germany"]
[Date "2008.12.14"]
[Round "4.1"]
[White "Brunner, Nicolas"]
[Black "Nesterov, Evgenij"]
[Result "0-1"]
[WhiteElo "2429"]
[BlackElo "2140"]
[PlyCount "66"]
[EventDate "2008.10.05"]
[EventType "team-tourn"]
[EventRounds "11"]
[EventCountry "GER"]
[SourceTitle "EXT 2012"]
[Source "ChessBase"]
[SourceDate "2011.11.24"]
[SourceVersion "1"]
[SourceVersionDate "2011.11.24"]
[SourceQuality "1"]
[WhiteTeam "Kaiserslautern"]
[BlackTeam "Heidesheim"]
[WhiteTeamCountry "GER"]
[BlackTeamCountry "GER"]

1. d4 d5 2. c4 c6 3. Nf3 Nf6 4. Nc3 dxc4 5. a4 Bf5 6. Ne5 Nbd7 7. Nxc4 Nb6 8. Ne5 a5 9. g3 Nfd7 10. Nd3 Bxd3 11. Qxd3 e6 12. Bg2 Nd5 13. e4 Nb4 14. Qe2 Bd6 15. 0-0 0-0 16. Be3 Qe7 17. f4 Rad8 18. Kh1 Kh8 19. Rad1 Bc7 20. g4 f5 21. Bc1 Qf7 22. d5 exd5 23. exd5 Rfe8 24. Qf2 Nf6 25. gxf5 Nfxd5 26. Nxd5 Nxd5 27. Qa7 Bb6 28. Bxd5 Qc7 29. Qxb6 Qxb6 30. Be6 Rxd1 31. Rxd1 Qf2 32. Rg1 Qf3+ 33. Rg2 Rd8 0-1